Statistics for Normal Type Pokemon

Click here to take the quiz!

General Stats

  • This quiz has been taken 693 times
    (398 since last reset)
  • The average score is 71 of 117

Answer Stats

RegionPokemon% Correct
Pidgeot
96%
Pidgeotto
96%
KantoPidgey
96%
Raticate
93%
Rattata
93%
Fearow
88%
Spearow
88%
Jigglypuff
84%
Snorlax
82%
Eevee
81%
Chansey
79%
Furret
76%
Linoone
76%
Linoone (Galarian Form)
76%
SinnohStarly
76%
Tauros
76%
HoennZigzagoon
76%
Zigzagoon (Galarian Form)
76%
Blissey
75%
Hoothoot
75%
Meowth
75%
Noctowl
75%
Persian
75%
Staraptor
75%
Staravia
75%
Porygon
74%
JohtoSentret
74%
Munchlax
73%
Swellow
73%
Taillow
73%
Farfetch'd
72%
Happiny
72%
UnovaPatrat
72%
Porygon 2
72%
Porygon Z
72%
Ditto
71%
Dodrio
71%
Igglybuff
71%
Watchog
71%
Bidoof
70%
Kangaskhan
70%
Slaking
70%
Slakoth
70%
Vigoroth
70%
Bibarel
69%
Lillipup
69%
Herdier
68%
Stoutland
68%
Arceus
67%
Lickitung
66%
Pidove
65%
Miltank
64%
Smeargle
64%
Unfezant
62%
Diggersby
61%
KalosBunnelby
60%
Exploud
60%
Loudred
60%
Tranquill
60%
Whismur
60%
Fletchling
59%
Lickilicky
59%
Stantler
59%
Buneary
58%
Lopunny
58%
Regigigas
58%
AlolaPikipek
57%
Skitty
56%
Teddiursa
56%
Toucannon
56%
Ursaring
56%
Castform
55%
Delcatty
55%
Trumbeak
54%
Dunsparce
53%
Gumshoos
52%
Obstagoon
52%
Yungoos
52%
Audino
51%
Glameow
51%
Meloetta
51%
Purugly
51%
Azurill
50%
Kecleon
50%
Aipom
49%
Zangoose
49%
Ambipom
48%
Litleo
48%
Pyroar
48%
Spinda
47%
Cinccino
46%
Minccino
46%
Rufflet
46%
Braviary
45%
Furfrou
45%
Girafarig
45%
Greedent
45%
Bouffalant
44%
Chatot
44%
GalarSkwovet
44%
Sawsbuck
43%
Deerling
42%
Bewear
41%
Doduo
41%
Drampa
41%
Swablu
40%
Helioptile
39%
Heliolisk
38%
Wooloo
38%
Type:Null
35%
Dubwool
34%
Silvally
34%
Komala
30%
Indeedee
28%
Oranguru
26%
Wigglytuff
25%
Stufful
21%

Score Distribution

Percentile by Number Answered

Percent of People with Each Score

Your Score History

You have not taken this quiz since the last reset